Statistics for 派 数位

Click here to take the quiz!

General Stats

  • This quiz has been taken 4 633 times
  • The average score is 19 of 50

Answer Stats

#Digit% Correct
13.
100%
21
99%
34
98%
41
97%
55
96%
72
95%
69
95%
86
94%
95
90%
103
87%
115
83%
128
74%
139
66%
147
60%
159
55%
163
50%
172
46%
183
43%
198
40%
204
37%
216
36%
222
33%
236
31%
244
27%
253
25%
263
23%
278
21%
283
20%
292
18%
307
17%
319
16%
325
14%
330
13%
342
12%
358
11%
368
11%
374
10%
381
9%
399
8%
411
7%
407
7%
426
6%
443
5%
439
5%
459
4%
469
4%
473
3%
495
3%
487
3%
501
2%

Score Distribution

Percentile by Number Answered

Percent of People with Each Score

Your Score History

You have not taken this quiz